000 00323nam a2200133Ia 4500
005 20251222155124.0
008 251222s9999||||xx |||||||||||||| ||spa||
082 _aANT.08
100 _aMIRO QUESADA Francisco.
245 0 _aHombre Sociedad y PolĂ­tica
250 _a1ra. ed.
264 _bCom.para la cult.
942 _cLIB
999 _c38538
_d38538